LIBRARY & INFORMATION CENTRE, KCAET, TAVANUR

ONLINE PUBLIC ACCESS CATALOGUE (OPAC)

Indian ecnomics (Record no. 1738)

MARC details
000 -LEADER
fixed length control field 00382cam a2200169ua 4500
041 ## - LANGUAGE CODE
Language code of text/sound track or separate title eng
082 ## - DEWEY DECIMAL CLASSIFICATION NUMBER
Classification number 330.954
Item number JAT/IN
100 ## - MAIN ENTRY--AUTHOR NAME
Personal name Jathar, G B .
245 ## - TITLE STATEMENT
Title Indian ecnomics
250 ## - EDITION STATEMENT
Edition statement 1 /
260 ## - PUBLICATION, DISTRIBUTION, ETC. (IMPRINT)
Place of publication Bombay :
Name of publisher Oxford University Press ,
Year of publication 1957.
300 ## - PHYSICAL DESCRIPTION
Number of Pages 479 :
Other physical details ` ; .
700 1# - ADDED ENTRY--PERSONAL NAME
Personal name Jathar, K G .
942 ## - ADDED ENTRY ELEMENTS (KOHA)
Koha item type Books
Holdings
Withdrawn status Lost status Damaged status Home library Current library Date acquired Full call number Accession Number Koha item type
Withdrawn     KAUAET Sanskrit University 07/04/2012 330.954 2516 Books
free website counter